| 000 | 00357nam a2200145Ia 4500 | ||
|---|---|---|---|
| 008 | 230312s9999||||xx |||||||||||||| ||und|| | ||
| 020 | _a0-521-88473-0 | ||
| 082 |
_a511.352 _bGOL-C |
||
| 100 | _aDuston;Ronan | ||
| 245 | 4 | _aThe Android Developers Cookbook | |
| 260 |
_bCambridge _aUSA _c2008 |
||
| 300 | _a606 | ||
| 650 |
_aComputer _vComputer |
||
| 942 | _cBK | ||
| 999 |
_c15173 _d15173 |
||